000 01024nam a2200229Ii 4500
003 JO-AjNU
008 230605s9999||||xx |||||||||||||| ||und||
017 _a2012/4/1474
020 _a879-7599-445-05-8
040 _aJO-AjNU
_bara
_erda
_cJO-AjNU
041 _aara
050 1 4 _aLB1027.5 2012
100 3 _aتاليف ارفورد، برادلي ت، م.مشارك سوزان ايفر، م.مشارك املي م. برينت، م.مشارك كاترين ا. ينج؛ ترجمة هالة فاروق المسعود؛ مراجعة رياض ملكوش,
_eauthor
_961100
245 0 0 _a35 TECHNIQUES EVERY Counselor should Know اسلوبا على كل مرشد معرفتها
250 _aط1
264 3 1 _aعمان: دار الراية للنشر والتوزيع، 2012
300 _a593ص
336 _atext
_btxt
_2rdacontent
337 _aunmediated
_bn
_2rdamedia
338 _avolume
_bnc
_2rdacarrier
650 4 _aاساليب الارشاد/العلاج النفسي/علم النفس الارشادي
_961101
999 _aA27597
_c31165
_d31165